Normal view
MARC view
- Abdul Samad Saram Alazhari
Entry Personal Name
001 - CONTROL NUMBER
- control field: 110110
003 - CONTROL NUMBER IDENTIFIER
- control field: NUST
005 - DATE AND TIME OF LATEST TRANSACTION
- control field: 20230309185511.0
008 - FIXED-LENGTH DATA ELEMENTS
- fixed length control field: 230309|| aca||aabn | a|a d
040 ## - CATALOGING SOURCE
- Original cataloging agency: NUST
- Transcribing agency: NUST
100 ## - HEADING--PERSONAL NAME
- Personal name: Abdul Samad Saram Alazhari
670 ## - SOURCE DATA FOUND
- Source citation: Work cat.: (NUST)194162: Abdul Samad Saram Alazhari, Books Urdu Ilm e Arooz / اردو علم عروض (Urdu) /, 1991
